[Event "Leon"]
[Site "Leon"]
[Date "1997.??.??"]
[Round "6"]
[White "Del Rio de Angelis, Salvador Gabriel"]
[Black "Campora, Daniel Hugo"]
[Result "1-0"]
[WhiteElo "2400"]
[BlackElo "2555"]
[Annotator "Mikhalevski,V"]
[PlyCount "81"]
[EventDate "1997.06.05"]
[EventType "tourn"]
[EventRounds "9"]
[EventCountry "ESP"]
[EventCategory "10"]
[SourceTitle "CBM 060"]
[Source "ChessBase"]
[SourceDate "1997.09.29"]
[SourceVersion "1"]
[SourceVersionDate "1997.09.29"]
[SourceQuality "1"]

1. e4 e5 2. Nf3 Nc6 3. Nc3 Nf6 4. d4 exd4 5. Nxd4 Bb4 6. Nxc6 bxc6 7. Bd3 d5 8.
exd5 cxd5 {[#]} 9. Qe2+ Qe7 10. Qxe7+ Kxe7 11. O-O c5 {The relatively rare
line.Other possibilities are examined below.} (11... c6 12. Bd2 (12. Be3 Rd8
13. a3 Bd6 14. Na4 Ng4 15. Bc5 Bxc5 16. Nxc5 Kd6 17. b4 a5 18. h3 Ne5 19. f4
Nxd3 20. cxd3 Re8 21. Kf2 h5 22. d4 Rb8 23. Rfb1 Bf5 24. Rb3 Bc2 25. Rb2 Bf5
26. Raa2 axb4 27. axb4 Re7 28. Ra6 Bc8 29. Ra5 Rc7 30. Kg3 f6 31. Ra4 Re7 32.
Kf2 h4 33. Re2 Bf5 34. Rxe7 Kxe7 35. Ke3 Kf7 36. Ra7+ Kg6 {Malakhov,V-Bezgodov,
A/St.Petersburg op 1994/1/2-1/2 (62)}) (12. Na4 Re8 13. Be3 Kf8 14. c4 Ba6 15.
Rac1 Ng4 16. Bc5+ Bxc5 17. Nxc5 Ne5 18. Nxa6 Nxd3 19. Rc3 Nf4 20. Rf3 Ne6 $10 {
Hector,J-Stefansson,H/Copenhagen/1994/0,5/26/}) 12... Be6 13. Ne4 Bxd2 14. Nxd2
Rab8 15. b3 c5 16. c3 Rhd8 17. Rfd1 {1/2-1/2 Krakops,M-Klovans,J/Werfen op 1995
}) (11... Be6 12. Bf4 Bd6 13. Bxd6+ Kxd6 14. Rad1 c6 15. b3 Rhe8 16. Rfe1 Bd7
17. h3 Rxe1+ 18. Rxe1 Re8 19. Kf1 Rxe1+ {1/2-1/2 Krakops,M-Klovans,J/Werfen op
1993}) ({Chekhov} 11... Rd8 12. a3 (12. Nb5 $5 c6 13. Nd4 Bd7 14. Bf4 a5 15. c3
Bc5 16. Rfe1+ Kf8 17. Nb3 Be7 18. Bc7 Rdc8 19. Bxa5 Be6 20. f4 g6 21. Rec1 Ng4
$146 {Hort,V-Spassky,B/Varna/1962/0,5/40/}) 12... Bc5 (12... Bxc3 13. bxc3 $14)
13. b4 Bd4 14. Bd2 Bb7 (14... Kf8 $5 15. Rae1 c6 $13) 15. Rae1+ Kf8 16. Nb5 Bb6
17. Bf4 Ne8 (17... Rac8 $2 18. Bf5 $16) 18. Bxh7 $5 (18. a4 $6 a5 $15) (18. c3
$5) 18... d4 (18... g6 19. Bh6+ Ng7 20. c3 $13) 19. a4 $6 (19. Bd3 $1 c6 20.
Rxe8+ Rxe8 21. Nd6 Re7 22. Nxb7 Rxb7 23. Be4 Rc8 24. b5 $36) 19... a5 20. Bg5
$6 (20. Rxe8+ $5 Rxe8 21. Bxc7 Bxc7 22. Nxc7 g6 23. Nxe8 Rxe8 24. bxa5 Kg7 25.
Bxg6 fxg6 26. Rd1 Rd8 $15) 20... Nf6 $1 21. Bxf6 gxf6 22. bxa5 Rxa5 23. Be4 (
23. Ra1 Rda8 $17) 23... Bxe4 24. Rxe4 c6 25. Na3 Rxa4 26. Nb1 Ra2 $19 27. Rc1
Ba5 28. Kf1 c5 29. Re2 Ra1 30. Ree1 (30. Rd1 Rb8 31. Nc3 Bxc3 $19) 30... Bxe1
31. Rxe1 Ra2 32. c3 Rb8 33. cxd4 cxd4 34. Rd1 Rbb2 {0-1 Czerniak,M-Portisch,L/
Amsterdam IBM 1963}) 12. Bf4 $146 {White usually plays 12.Bg5(see below).} (12.
Bg5 Bxc3 13. bxc3 Be6 (13... c4 14. Be2 Be6 (14... Kd6 15. Rfd1 Ne4 16. Bxc4
Nxc3 17. Bxd5 Nxd5 18. c4 Ba6 19. Bf4+ Kc6 20. cxd5+ Kd7 21. Rab1 Rhc8 22. Rd4
Rc4 23. Rxc4 Bxc4 24. Rb7+ Ke8 25. d6 Bxa2 26. Be3 Bd5 27. Re7+ Kf8 28. Bxa7
Rc8 29. f3 Rc2 30. Bb6 {1-0 Kroeze Frank M-Borst Johan/Ch Netherlands 
(students), Leeuwarden ( 1996}) 15. Rab1 Rhb8 16. f4 Bf5 17. Rbd1 Rb5 18. Bf3
Kd6 19. Bxf6 gxf6 20. Rd2 Re8 21. g4 Bd7 22. Rfd1 Bc6 23. Kf2 Reb8 24. h4 Rb1
25. Rxb1 Rxb1 26. h5 h6 27. Kg3 Rb8 28. Kh4 Rg8 29. Rg2 Ba4 30. Bd1 Bd7 31. Rg3
Re8 32. Bf3 Ba4 33. Rg2 Re3 34. Bd1 Bd7 35. Rg3 Re4 36. Bf3 Rxf4 37. Kh3 Ba4
38. Bd1 Rf1 39. Be2 Rf2 {0-1 Garcia,N-Mitkov,M/Lyon op 1993}) 14. Rfb1 Rhb8 15.
Bf4 Rb6 16. Bc7 Rxb1+ 17. Rxb1 c4 18. Be2 Kd7 19. Be5 Ne8 20. Bd4 Kc6 21. a4 f6
22. f3 Nd6 23. Kf2 Nf5 24. Rb5 Bd7 25. g4 Nxd4 26. cxd4 Kd6 27. Ra5 Bc6 28. f4
a6 29. Bf3 Bb7 30. Ke3 Re8+ 31. Kd2 g6 32. Rc5 Rb8 33. Kc3 Bc6 34. Ra5 Rb6 35.
h4 Bb7 36. g5 f5 {Honfi,K-Lengyel,L/HUN-ch 1963/1/2-1/2 (51)}) 12... Be6 13.
Nb5 $1 Ne8 $2 (13... Rhd8 $5) 14. c4 $1 {/^a8-h1} a6 (14... dxc4 15. Be4 Rd8
16. Nxa7) (14... Nf6 15. a3 $1 (15. Bd6+ Kd7 16. cxd5 Nxd5 17. Bg3 $14) 15...
dxc4 (15... Ba5 16. Bd6+) 16. axb4 cxd3 17. bxc5 Ne4 $140 18. Rfd1 $1) 15. cxd5
Bxd5 16. Nc3 Bxc3 $6 (16... Be6 $142) 17. bxc3 $16 {^^,<->b} Be6 $6 (17... Nf6
$142) 18. Rab1 $1 Nd6 (18... Bxa2 $2 19. Rb7+ Kf8 20. c4 $1 {><a2} Rd8 21. Be2
Rd4 22. Be3 $18) (18... Nf6 $5) 19. Rb6 Rhd8 20. a4 (20. Bxh7 $5 Bxa2 $140 21.
Re1+ Be6 22. Bg5+ $1 f6 23. Bf4 $1 {/\Bg8!!} g5 (23... Rd7 24. g4 $1 {/\Bf5+-})
24. Bg3 Rd7 25. f4 $1 (25. f3 $5 {/\Be4!}) 25... gxf4 26. Bxf4 $18) 20... c4 (
20... h6 21. Bxa6 Ne4 22. Be5 $1 (22. Rc1 $2 Nxc3 $1 23. Rxc3 $140 Rxa6 $1)
22... f6 23. Bc7 $1 Rd7 24. Re1 $1 $16) 21. Bxh7 $18 g6 22. Bg5+ f6 23. Bf4 g5
24. Bg3 f5 25. Be5 $1 (25. f4 $6 Ne4 26. fxg5 Nxc3 $1 27. Be5 Nd5 28. Bf6+ $1
Nxf6 29. Bxf5 $1 (29. gxf6+ Kf7 30. Bxf5 {-29Bf5}) 29... Bxf5 30. gxf6+ Kf7 31.
Rxf5 Rac8 (31... c3 32. Rc5 Rac8 33. Rbc6 $18)) 25... Nf7 26. Bd4 Rdb8 27. a5
$1 Rxb6 28. axb6 {The rest is business of simple technics.} g4 29. Rb1 Nd8 30.
b7 Rb8 31. Bb6 Nc6 32. Bc5+ Kf7 33. Bd6 Rh8 34. Rb6 Nb8 35. Be5 $1 Rd8 36. Bg6+
$1 Ke7 37. Kf1 a5 38. Rb5 a4 39. Ra5 Nc6 40. Ra8 a3 41. Bf6+ $1 1-0

[Event "Linares Anibal op 04th"]
[Site "Linares"]
[Date "1997.??.??"]
[Round "7"]
[White "Georgiev, Vladimir"]
[Black "Jussupow, Artur"]
[Result "1/2-1/2"]
[WhiteElo "2515"]
[BlackElo "2665"]
[Annotator "Mikhalevski,V"]
[PlyCount "104"]
[EventDate "1997.02.??"]
[EventType "swiss"]
[EventRounds "10"]
[EventCountry "ESP"]
[SourceTitle "CBM 058"]
[Source "ChessBase"]
[SourceDate "1997.06.01"]
[SourceVersion "1"]
[SourceVersionDate "1997.06.01"]
[SourceQuality "1"]

1. e4 e5 2. Nf3 Nc6 3. Nc3 Nf6 4. d4 exd4 5. Nxd4 Bb4 6. Nxc6 bxc6 7. Bd3 d5 8.
exd5 cxd5 9. O-O O-O 10. Bg5 c6 11. Qf3 Re8 12. h3 (12. Rfe1 Be6 (12... Rxe1+
13. Rxe1 Be6 14. a3 Be7 15. Ne2 h6 16. Bf4 Qb6 17. Be5 Ng4 18. Bd4 c5 19. Nf4
Qc7 20. Nxe6 Qxh2+ 21. Kf1 Qh4 22. Qxd5 Re8 23. Qd7 Rb8 24. Nxc5 Nh2+ 25. Kg1
Bxc5 26. Re8+ Rxe8 27. Qxe8+ Bf8 28. Qe4 Nf3+ {1-0 Szurovszky,E-Borsos,B/
HUN-chT 1994}) 13. Re2 h6 14. Bd2 Bd6 15. Rae1 Rb8 16. b3 Qd7 17. h3 Nh7 18.
Qh5 Nf6 19. Qf3 Nh7 20. Qh5 Nf6 {1/2-1/2 Lalic,S-Klimova Richtrova,E/
Thessaloniki olw 1988}) (12. a3 Bd6 13. Rfe1 Rxe1+ 14. Rxe1 Be6 15. h3 Rb8 16.
Nd1 Be7 17. Bf4 Bd6 18. Bxd6 Qxd6 19. Qe3 c5 20. Qe5 Qxe5 21. Rxe5 Nd7 22. Re1
d4 23. b3 Nb6 24. Nb2 Kf8 25. Kf1 h6 26. Kg1 Rc8 27. Rd1 Rc6 28. Bb5 Rd6 29.
Bd3 {1/2-1/2 Howard,E-Bachvarova,P/EU-chJW U16 Herculane 1994}) (12. Bxf6 Qxf6
13. Qxf6 gxf6 14. Ne2 Bg4 $11 {Spielmann-Balogh,Bucuresti,1934;ECO}) 12... h6
$146 (12... Be7 13. Rfe1 Rb8 $5 (13... Nd7 $4 14. Bxh7+ Kxh7 15. Qxf7 Bxg5 16.
Rxe8 Qb6 17. Qf5+ {1-0 Schmaltz,R-Von Buelow,G/St. Ingbert op 1991})) (12...
Bd6 13. Rae1 Be5 14. Bf4 Bxf4 15. Rxe8+ Qxe8 16. Qxf4 Be6 17. Na4 Qf8 18. Qc7
Qb8 19. Qa5 Nd7 20. Re1 h6 21. a3 Qf4 22. Nc5 Nxc5 23. Qxc5 Qc7 24. b4 Qb6 25.
Qd6 Rd8 26. Qe7 a5 27. Re3 axb4 28. axb4 Qb8 29. Rg3 Kh8 30. Qh4 Qd6 31. Qd4
Qf8 32. Kh2 Rc8 33. c3 f6 34. Bb1 c5 35. Qd3 Bg8 36. bxc5 Rxc5 37. Re3 {
Slobodjan,R-Stern,R/GER-ch Binz 1995/1-0 (80)}) 13. Bxf6 Qxf6 14. Qxf6 gxf6 15.
Ne2 Rb8 (15... Bf5 $5 16. Nd4 (16. Bxf5 Rxe2 $11) (16. Ng3 Bg6 $11 (16... Bxd3
17. cxd3 $14)) 16... Bxd3 17. cxd3 c5 18. Nf5 Kh7 19. Ne3 (19. Rac1 Re5 20. Ne3
Bd2 21. Rc2 (21. Rxc5 $2 Rxe3 22. Rc2 Re2 23. Rd1 Re1+ $19) 21... Bxe3 22. fxe3
Rxe3 $11) 19... Rad8 20. Rfd1 Ba5 $1 $11) 16. Rad1 (16. Nd4 $6 Bc5 $1 (16...
Bd7 17. Bf5 $14) 17. Nxc6 Rxb2 18. Rfb1 Rb6 $1 $11) 16... Bd6 17. b3 a5 18. Ng3
(18. Nd4 c5 (18... Rb6 19. Rfe1 (19. Bf5 $5)) 19. Nc6 (19. Nf5 $11) 19... Rb6
20. Nxa5 Be6 (20... Bd7 $2 21. Bc4 $1 Ra8 22. Nb7 $3 dxc4 23. Nxd6 $16) 21. c4
$1 d4 $44) 18... Bb4 {><c3,e1} 19. Nf5 (19. Nh5 Bc3) 19... Bxf5 20. Bxf5 $11
Re5 21. Bd7 (21. g4 $5) 21... Rb6 22. Rd3 Re2 23. Bf5 Kf8 (23... Bc5 $142) (
23... Rb7 $5) 24. Re3 $1 $14 Rxe3 25. fxe3 Bc5 26. Kf2 a4 $6 27. Kf3 (27. Ke2
$5 {/\Kd3,Rf4}) 27... a3 $6 28. Rd1 {/\e3-e4} Ke7 29. Rd3 $2 (29. e4 $142 $16
Kd6 $140 30. exd5 cxd5 31. Be4 d4 32. c3 $16) 29... Kd6 {/\Ke5} 30. Kf4 Rb4+
31. e4 Rd4 $1 $14 32. Rxd4 Bxd4 33. exd5 cxd5 34. Bh7 $6 (34. Bg4 $142 $1 {
/\Kf5,Bh5 and after Ke7-Bf3 Kd6 and b3-b4 and it's still not so simple to
equalize}) 34... Be5+ 35. Ke3 (35. Kf3 $142 {/\g4} h5 $140 36. h4) 35... h5 $1
36. Kd3 (36. h4 $2 Bg3) 36... Kc5 (36... h4) 37. c3 h4 38. b4+ (38. Bg8 $5 d4
$140 $6 39. b4+ (39. cxd4+ Bxd4 40. b4+ Kd5 41. Bxf7+ Ke5 42. Kc4 Be3 $11)
39... Kb5 40. cxd4 Bd6 41. Bxf7 {And white has good chances to win owing to
the break on the king side by g2-g3}) 38... Kb5 $6 (38... Kd6 $142) 39. Bf5 (
39. Bg8 $5) 39... Kc6 40. Kc2 Bf4 41. Bg4 Kd6 42. Bf3 f5 43. Bh5 Ke6 44. Kb3
Bc1 45. b5 f4 46. Kb4 Kd6 47. Bxf7 Bd2 $11 48. Kxa3 Bxc3 49. Kb3 Be1 50. a4 Kc5
51. Kc2 Kb6 52. Bxd5 Bg3 1/2-1/2

[Event "Scandic Hotels CC"]
[Site "Stockholm"]
[Date "2000.07.29"]
[Round "1"]
[White "Berg, Emanuel"]
[Black "Wedberg, Tom Birger"]
[Result "1/2-1/2"]
[WhiteElo "2456"]
[BlackElo "2473"]
[Annotator "Mikhalevski,V"]
[PlyCount "103"]
[EventDate "2000.07.29"]
[EventType "tourn"]
[EventRounds "9"]
[EventCountry "SWE"]
[EventCategory "10"]
[SourceTitle "CBM 079"]
[Source "ChessBase"]
[SourceDate "2000.11.21"]
[SourceVersion "1"]
[SourceVersionDate "2000.11.21"]
[SourceQuality "1"]

1. e4 e5 2. Nf3 Nc6 3. d4 exd4 4. Nxd4 Nf6 5. Nc3 Bb4 6. Nxc6 bxc6 7. Bd3 O-O
8. O-O d5 9. exd5 cxd5 10. Bg5 c6 11. Qf3 Bd6 {In this line Black is striving
to get pair of bishops in an endgame with damaged pawn structure on the king
side.} 12. h3 {Not necessary move as black is not threatening nor Bg4? in view
of B:f6 neither B:h2? K:h2 Ng4+Q:g4.} (12. Rfe1 {Seems to be more useful.})
12... Rb8 13. Rab1 h6 14. Bh4 {The idea of this move is to provoke Rb4 where
the rook can be misplaced.In fact the rook is not as bad on b4 as after Be6(d7)
and Rfb8 black will put pressure along the b-file.So White's decision is a bit
dubious.} (14. Bxf6 $5) 14... Rb4 {[%cal Gb4h4]} ({Another possibility is} 
14... Re8 {This way played young Peter Leko.} 15. Rfe1 Rxe1+ 16. Rxe1 g5 {
Brave decision.Black is weakening a pawn structure on the king side in order
to win a pawn.} (16... Be6 17. Ne2 Rb4 18. Bxf6 Qxf6 19. Qxf6 gxf6 20. b3 c5
21. Ng3 Bxg3 22. fxg3 a5 23. Rf1 Kg7 $11 {1/2-1/2 Grill,M-Borisek,J/Budapest
HUN 2000/The Week in Chess 301 (35)}) 17. Bg3 Rxb2 (17... Kg7 18. b3 Qc7 19.
Ne2 Bd7 20. Bxd6 Qxd6 21. Ng3 Qf4 22. Nf5+ Bxf5 23. Qxf4 gxf4 24. Bxf5 $14 {
1-0 Berg,E-Petran,P/Budapest 1999/CBM 71 ext (45)}) 18. Ne2 c5 $6 19. Bxd6 Qxd6
20. Ng3 {[%cal Gf3f6]} Qf4 $2 {Peter misses a beautiful tactical blow.Both 20..
.Bd7 and 20...Kf8 was much better.} (20... Kg7 $2 21. Qxf6+ $3 Kxf6 (21... Qxf6
22. Nh5+) 22. Nh5#) (20... Bd7 $1) (20... Kf8 $5) 21. Qxd5 $3 {[%mdl 64]} Be6
22. Qd8+ Kg7 23. Qe7 $1 {[%cal Ge1e6]} (23. Qxf6+ $2 Kxf6 (23... Qxf6 $2 24.
Nh5+ {[%csl Rf6,Rg7]}) 24. Nh5+ Ke7 25. Nxf4 gxf4 $15) 23... Kg8 (23... Rb6 $8)
24. Bf5 $18 Qd2 25. Rxe6 Rb1+ 26. Kh2 Qd1 27. Nf1 Qxf1 28. Qd8+ {Brilliant win
of young Swed.1-0 Berg,E-Leko,P/Canaries olJ U16 1995/EXT 97 (28)}) 15. Bxf6 (
15. Bg3 {Doesn't promise much either.} Bxg3 16. fxg3 (16. Qxg3 c5 17. b3 Be6
18. Rfd1 Qb8 19. Qxb8 Rfxb8 $11 {1/2-1/2 Shurygin,S-Hladik,J/Pardubice 1996/
CBM 55 ext (36)}) 16... c5 17. a3 Rb8 18. Qf4 Be6 19. Rfd1 Qb6 $11 {1-0
Campora,D-Nikolic,P/Vrsac 1981/MCD (65)}) 15... Qxf6 16. Qxf6 gxf6 {[%csl Gc8,
Gd6,Rf6,Rf7,Rh6][%mdl 16] The arisen endgame is about equal.Pair of bishops
compensate defects in the pawn structure.} 17. b3 a5 18. Ne2 Bd7 19. Ng3 c5 20.
c4 Bxg3 $5 {Black decides to make a draw in a rook ending with a pawn down
where White's extra pawn on the king side is not enough for victory.} 21. fxg3
dxc4 22. Bxc4 Be6 $1 {That's the point of 20...B:g3.} 23. Rbc1 (23. Rf4 $5)
23... Bxc4 24. Rxc4 Rxc4 25. bxc4 Rb8 $1 {[%csl Ra2,Rc4]} 26. Rxf6 Kg7 {
Now the pawns on the queen side will be swiped and in the arisen endgame draw
is an only possible outcome.} 27. Rc6 (27. Ra6 Rb4 28. Rxa5 Rxc4 $11) 27... Rb2
28. a4 Rb4 29. Rxc5 Rxa4 30. Kf2 Ra2+ 31. Kf3 Rc2 {[%cal Ga5a4]} 32. Rxa5 {
Anyway White can't prevent exchange of the queen side pawns.} Rxc4 $11 {
Now the draw is enevitable.} 33. g4 f6 {It wasn't necessary to weaken the
position of the king.Black could simply wait as after g5 a well-known drawish
position would be arised if we're not talking about possibility of h5.} 34. h4
Rb4 35. Ra7+ Kg8 {Anyway White is lack of winning plan.} 36. Ra5 Kg7 37. Ra7+
Kg8 38. Kg3 Rc4 39. Rb7 Ra4 40. Rb5 Kg7 41. Kf3 Rc4 42. Rb7+ Kg8 43. Re7 Ra4
44. Re4 Ra5 45. Kf4 Rb5 46. Rc4 Ra5 47. g3 Kg7 48. Rc7+ Kg8 49. Re7 Rb5 50. Ke4
Ra5 {No progress can be made.} 51. g5 hxg5 52. hxg5 1/2-1/2

[Event "Tan Chin Nam Cup 3rd "]
[Site "Beijing"]
[Date "1997.08.15"]
[Round "6"]
[White "Ye, Jiangchuan"]
[Black "Xie, Jun"]
[Result "1-0"]
[WhiteElo "2530"]
[BlackElo "2495"]
[Annotator "Mikhalevski,V"]
[PlyCount "133"]
[EventDate "1997.08.11"]
[EventType "tourn"]
[EventRounds "11"]
[EventCountry "CHN"]
[EventCategory "12"]
[SourceTitle "CBM 061"]
[Source "ChessBase"]
[SourceDate "1997.11.23"]
[SourceVersion "1"]
[SourceVersionDate "1997.11.23"]
[SourceQuality "1"]

1. e4 e5 2. Nf3 Nc6 3. Nc3 Nf6 4. g3 d5 5. exd5 Nxd5 6. Bg2 Nxc3 7. bxc3 Bd6 8.
O-O O-O 9. Rb1 Rb8 10. d4 exd4 (10... h6 11. Nd2 Bf5 (11... Na5 12. dxe5 Bxe5
13. Rb5 Bxc3 14. Rd5 Qe7 15. Nb1 Bb4 16. a3 Bc5 17. Re1 Be6 18. Qh5 b6 19. Nc3
c6 20. Rdd1 Rbd8 21. Ne4 Rxd1 22. Rxd1 Bxa3 23. Bxh6 gxh6 24. Qxh6 f6 25. Re1
Bd5 26. Re3 Nc4 27. Rd3 Bxe4 28. Bxe4 Qxe4 29. Rd4 Qe1+ 30. Kg2 Ne5 31. Rh4 Kf7
32. Qh7+ Ke6 33. Qxa7 Qa5 34. Qg7 Qd5+ 35. Kh3 Nf3 36. Rh7 {0-1 Van Mil,J-Van
der Sterren,P/Antwerpen op 1996/EXT 96op2}) 12. Nc4 Qf6 13. Ne3 exd4 14. Nxf5
Qxf5 15. cxd4 Rfd8 16. Be3 Nb4 17. c3 Nd5 18. Bd2 c6 19. Re1 b5 20. Be4 Qf6 21.
h4 b4 22. Bxd5 cxd5 23. cxb4 Qxd4 24. Be3 Qxd1 25. Rexd1 Rxb4 26. Rxb4 Bxb4 27.
Bxa7 Ra8 28. Be3 Rxa2 29. Rxd5 Ra5 30. Rd8+ Kh7 31. Kg2 {1/2-1/2 Glek,
I-Rozentalis,E/BL9495 1995/BL 90}) 11. cxd4 Ne7 (11... Bg4 12. h3 Bh5 13. Rb5
Bg6 14. Nh4 Bxc2 15. Qxc2 Nxd4 16. Qc4 Nxb5 17. Qxb5 c6 (17... Re8 18. Rd1 Qf6
19. Bb2 Be5 20. Re1 c6 21. Qe2 Qe6 22. Qxe5 Qxe5 23. Rxe5 Rxe5 24. Bxe5 Rd8 25.
Nf3 Rd5 26. Bf1 Ra5 27. Bc4 b5 28. Bb3 c5 29. Bd5 c4 30. Ng5 Rxa2 31. Bxf7+ Kh8
32. Ne6 h6 33. Bxg7+ Kh7 34. g4 {1-0 Moors,H-Mainka,G/BL2-W 1988/BL2}) 18. Qa4
Qb6 19. Nf5 Qb4 20. Qc2 Be5 21. Be3 Rfe8 22. Rb1 Qa5 23. Bd2 Qc7 24. Rb4 Rbd8
25. Bg5 Rc8 26. Rh4 f6 27. Be3 Rcd8 28. Nxg7 Qxg7 29. Rg4 Qxg4 30. hxg4 Kg7 31.
Bxa7 {1-0 Glek,I-Mainka,G/BL9394 1994/BL 90}) (11... Bf5 12. Nh4 Bd7 13. c3 Be7
14. Nf3 Bf6 15. Re1 Re8 16. Bf4 Rxe1+ 17. Qxe1 b6 18. Rb2 Na5 19. Ne5 Bxe5 20.
Bxe5 Nc4 21. Re2 Nxe5 22. Rxe5 Qf8 23. Bd5 Re8 24. f4 Rxe5 25. fxe5 Be6 26. Bg2
{Messa,R-Pederzoli,S/Reggio Emilia 1978/MCD-r7/1/2-1/2 (40)}) 12. c4 c6 13. Ng5
(13. Re1) 13... Bf5 14. Rb3 Qd7 15. Ne4 Bc7 16. d5 (16. Nc5 Qc8 17. Re1) 16...
Rfd8 (16... cxd5 17. cxd5 Rfd8 18. Bb2 Bb6 $13 (18... Nxd5 $6 19. Qd4 f6 20.
Nc5 Qc6 21. Nxb7 Rxb7 22. Rc1 $16)) 17. Bb2 Ng6 (17... cxd5 $2 18. Qd4 f6 19.
Nxf6+ gxf6 20. Qxf6 d4 21. Re1 $18) 18. Qa1 cxd5 19. cxd5 Bxe4 20. Bxe4 Re8 21.
Re3 Bb6 (21... Bf4 22. Ree1 Bh6 23. f4) 22. Bd4 Qd6 23. Rfe1 Rec8 24. Bxg7 $6 (
24. Bxb6 $14) 24... Bxe3 25. Rxe3 Re8 26. Bh6 Qe5 (26... Ne5 27. Bf4 f6 $13)
27. Qd1 Qf6 28. Qg4 Kh8 29. h4 Ne5 30. Qf4 Ng4 (30... Qxf4 $142 31. Bxf4 Rbd8)
31. Qxg4 Qxh6 32. Qd7 (32. d6 $6 Qxd6 (32... Re6) 33. Qh5 h6 34. Qxf7 Re7 35.
Qf5) (32. Qf5 $142 Qg7 33. d6 Rbd8 34. Rd3) (32. Rf3 Qg7 33. Qf5 Re5 34. Qf4 f5
35. Bc2) 32... Qf6 33. Kg2 Re7 34. Qa4 Rbe8 35. Rf3 Qe5 36. Rf4 a6 $6 (36...
Rg8 37. Bf3 Rc7 38. Re4 Qxd5 39. Re7 Qd6 40. Rxc7 Qxc7 41. Qxa7 $11) 37. Qb4
Rd7 38. Bf3 Red8 39. Qb6 Rg8 40. Re4 Qc3 41. Re3 Qa1 $2 (41... Qg7 $142) 42. h5
f5 $6 (42... Qg7 43. h6 Qg5 44. Qd4+ f6 45. Qa4 Rgd8 (45... Rd6 46. Re7 b5 47.
Be4 Qxh6 48. Qc2 $18) 46. Re8+ Rxe8 47. Qxd7 $16) 43. Qe6 Rdg7 44. Re5 Qc1 (
44... f4 45. Qf6 $18) 45. Rxf5 $16 Qb2 46. Be2 Rg5 $2 47. Rf7 $2 (47. Rxg5 Rxg5
48. d6 $18) 47... Qe5 48. Bf3 Qxe6 49. dxe6 Re8 50. h6 Kg8 51. Rd7 Rxe6 $1 52.
Bd5 Rxd5 53. Rxd5 b5 54. Rd7 Rxh6 $11 55. Ra7 Rc6 56. a3 Rb6 57. f4 Rg6 (57...
b4 58. axb4 Rxb4 59. Rxa6 Kg7 60. Kh3 h6 $11) 58. Kh3 Rh6+ 59. Kg4 Rg6+ 60. Kh3
Rh6+ 61. Kg2 Rg6 62. f5 Rf6 63. g4 h5 $11 64. Kg3 hxg4 65. Kxg4 Rb6 (65... Rc6
66. Kg5 Kf8 $1 (66... b4 67. a4 (67. axb4 Rb6 68. f6 Rxb4 $11) (67. f6 Rc4 68.
Kg6 Rg4+ 69. Kf5 Rc4 70. Ke6 (70. a4 b3 $11) 70... Re4+ 71. Kd5 Rf4) 67... b3
68. Rb7 Rc3 69. Kg6 Rg3+ 70. Kf6 Rf3 $11) 67. f6 Rc4 68. Rxa6 Ra4 $11) 66. Kg5
b4 $4 (66... Rc6 67. f6 Rc4 $1 68. Rxa6 Kf8 $1 (68... Ra4 $4 69. Rxa4 bxa4 70.
Kg6 Kh8 71. Kf7 $18) 69. Kg6 Rg4+ 70. Kf5 Ra4 71. Rxa4 bxa4 72. Ke6 Ke8 73. Kd5
Kf7 74. Kc5 Kxf6 75. Kb5 Ke6 76. Kxa4 Kd6 77. Kb5 Kc7 $11) 67. f6 1-0